[Event "Dortmunder Schachtage-B 18th"]
[Site "Dortmund"]
[Date "1990.04.08"]
[Round "4"]
[White "Lazic, Miroljub"]
[Black "Espig, Lutz"]
[Result "1/2-1/2"]
[WhiteElo "2495"]
[BlackElo "2475"]
[Annotator "Horn,Pe"]
[PlyCount "91"]
[EventDate "1990.04.05"]
[EventType "tourn"]
[EventRounds "11"]
[EventCountry "GER"]
[EventCategory "9"]
[SourceTitle "CBM 018"]
[Source "ChessBase"]
[SourceDate "1990.10.01"]
[SourceVersion "1"]
[SourceVersionDate "1990.10.01"]
[SourceQuality "1"]

1. e4 c5 2. Nf3 e6 3. d3 Nc6 4. g3 g6 5. Bg2 Bg7 6. O-O Nge7 7. Nbd2 O-O 8. Re1
d6 9. c3 b6 10. Nf1 (10. a3 Qc7 11. h4 h6 12. Nf1 Ne5 13. N3h2 {
Todorcevic-Cabrilo, Pancevo 1987}) 10... Ne5 (10... Ba6 $5 11. d4 cxd4 12. Nxd4
(12. cxd4 $5 Nb4 13. Qa4 Nd3 (13... Nec6 14. d5) 14. Qxa6 Nxe1 15. Nxe1 Bxd4)
12... Ne5 13. Bg5 h6 14. Qa4 Bb7 15. Bxe7 Qxe7 16. Rad1 Rfc8 17. Ne3 Rc5 $10 {
Troianescu-Petrosian, Bukarest 1953}) 11. d4 Nxf3+ 12. Bxf3 cxd4 13. cxd4 d5
14. e5 Nc6 15. Be2 $14 Bd7 16. Be3 (16. h4 $5 f6 17. f4) 16... Rc8 17. Qd2 Qe7
18. Ba6 Rb8 19. Rec1 b5 {S darf nicht passiv bleiben angesichts der w
Beherrschung der c-Linie.} 20. Rc5 Rb6 21. Bxb5 Rxb5 22. Rxb5 Nxe5 23. Qb4 Nf3+
24. Kg2 Qf6 25. Rb8 Qf5 {/\ Qe4, e5} 26. Nd2 Nxd2 27. Rxf8+ Bxf8 28. Qxd2 e5
29. f3 (29. dxe5 $2 d4) 29... e4 30. f4 (30. fxe4 Qxe4+ 31. Kg1 Bb4 32. Qf2)
30... h5 31. Qf2 Bd6 32. Rc1 a5 33. Bd2 a4 34. b3 axb3 35. axb3 Qh3+ 36. Kg1 h4
37. Qg2 Qe6 38. Qe2 hxg3 39. hxg3 Qe8 40. Qa6 Bf8 41. Kf2 Qb8 42. b4 e3+ 43.
Bxe3 Qxb4 44. Qa2 Qb7 45. Rb1 Qc6 46. Rc1 1/2-1/2

[Event "Hoogovens-B"]
[Site "Wijk aan Zee"]
[Date "1990.01.??"]
[Round "1"]
[White "Peelen, Piet"]
[Black "Polgar, Judit"]
[Result "1/2-1/2"]
[WhiteElo "2380"]
[BlackElo "2550"]
[Annotator "Horn,Pe"]
[PlyCount "82"]
[EventDate "1990.01.??"]
[EventType "tourn"]
[EventRounds "11"]
[EventCountry "NED"]
[EventCategory "9"]
[SourceTitle "CBM 017"]
[Source "ChessBase"]
[SourceDate "1990.08.01"]
[SourceVersion "1"]
[SourceVersionDate "1990.08.01"]
[SourceQuality "1"]

1. Nf3 {Anand} c5 2. g3 Nc6 3. d4 cxd4 4. Nxd4 Qb6 5. Nb3 d5 (5... Nf6 6. Bg2
d6 7. c3 e6 8. a4 a6 9. O-O Be7 10. a5 $14 {Speelman-Morrison, Cleveland 1979})
6. Bg2 (6. Qxd5 $2 Nb4 7. Qd1 Qc6) 6... Nf6 7. O-O (7. Bxd5 $2 Nxd5 8. Qxd5 Nb4
9. Qe4 (9. Qd1 Qc6) 9... f5) 7... Bf5 (7... e6 {Anand}) (7... Bg4 {Anand}) 8.
Be3 Qc7 9. Nc3 e6 10. Nb5 Qd7 11. c4 a6 12. Nc3 (12. cxd5 axb5 13. dxc6 bxc6)
12... dxc4 13. Qxd7+ Kxd7 14. Rfd1+ Kc7 15. Nd4 Rd8 (15... Nxd4 16. Rxd4) 16.
Nxc6 Rxd1+ (16... bxc6 $4 17. Bb6+) 17. Rxd1 bxc6 18. Bf4+ $1 Kc8 $8 19. Bxc6
$16 (19. Rd4 $16 {Anand}) 19... Bc5 20. Kg2 (20. Na4 $5) (20. Na4 {Anand} Ba7
21. Rc1 Nd5 22. Rxc4 Nxf4 23. gxf4 $16) 20... Ng4 21. Na4 Bxf2 22. e4 e5 $1 23.
exf5 (23. Bc1 Be6) 23... exf4 24. Bf3 Ne3+ 25. Kxf2 Nxd1+ 26. Bxd1 fxg3+ 27.
hxg3 h5 28. Nb6+ Kc7 29. Nxc4 h4 30. gxh4 (30. g4 $5) (30. Bf3 $14 {Anand})
30... Rxh4 31. Ne3 Rh2+ 32. Ng2 Rh1 33. Bb3 f6 34. Nf4 (34. Bc4 $5) 34... Rh2+
35. Kf3 Rxb2 36. Ne6+ Kd6 37. Nxg7 Ke5 38. Be6 Rh2 39. Ne8 Rh7 40. Bc4 Re7 41.
Nxf6 Kxf6 1/2-1/2

[Event "Prague"]
[Site "Prague"]
[Date "1993.??.??"]
[Round "9"]
[White "Taimanov, Mark E"]
[Black "Hracek, Zbynek"]
[Result "1/2-1/2"]
[WhiteElo "2500"]
[BlackElo "2510"]
[Annotator "Horn,Pe"]
[PlyCount "116"]
[EventDate "1993.09.??"]
[EventType "tourn"]
[EventRounds "9"]
[EventCountry "CZE"]
[EventCategory "10"]
[SourceTitle "CBM 037"]
[Source "ChessBase"]
[SourceDate "1993.12.01"]
[SourceVersion "1"]
[SourceVersionDate "1993.12.01"]
[SourceQuality "1"]

1. Nf3 c5 2. b3 Nc6 (2... d6 $1) 3. Bb2 d6 4. d4 cxd4 5. Nxd4 Nf6 (5... e5 6.
Nxc6 $1 (6. Nf3 Nf6 7. e3 Be7 8. Be2 O-O 9. O-O Bf5 10. c4 $13 {Anikaev-Dudin/
Kemerovo/1991}) 6... bxc6 7. g3 Nf6 8. Bg2 Qc7 9. c4 Be7 10. Nc3 O-O 11. O-O
$14 {Kortschnoj-Miniböck/Wien/1986}) 6. g3 $5 $146 (6. e3 g6 7. Be2 Bg7 8. O-O
O-O 9. c4 Bd7 10. Nc3 a6 11. Qd2 Rb8 12. a3 Nxd4 13. Qxd4 Bc6 14. Na2 {
Vukic-Velimirovic/YU-ch/1975} a5 $1 {/\ b5=/+}) 6... Qa5+ 7. Qd2 Qd5 $6 (7...
Qxd2+ 8. Nxd2 $14) 8. f3 g6 9. c4 (9. e4 Qh5 $13 (9... Nxe4 $2 10. fxe4 Qxe4+
11. Ne2 Qxh1 12. Bxh8)) 9... Qh5 10. Nb5 $1 Bh6 11. Nxd6+ $1 Kf8 (11... exd6 $2
12. Qxd6 $18) 12. f4 Kg7 (12... exd6 13. Bxf6 $18) 13. Ne4 (13. Bxf6+ exf6 14.
Bg2 $16) 13... Rd8 14. Nxf6 exf6 15. Qc3 Nd4 16. Nd2 (16. e3 $2 Qf3 17. Rg1 Re8
18. Qxd4 Rxe3+ 19. Kd2 Qf2+ $19) 16... Bh3 (16... Bg4 17. O-O-O Bxe2 18. Re1
$16) 17. Nf3 (17. O-O-O $2 Bxf1 $19) (17. Bxh3 $4 Qxe2#) (17. Qxd4 Rxd4 18.
Bxd4 Bxf1 19. Kxf1 $13) 17... Nxf3+ 18. Qxf3 Bg4 (18... Qxf3 $2 19. exf3 Re8+
20. Kf2 $18) 19. Qc3 Rd6 20. Rd1 Re6 21. Rd5 Bf5 22. Kf2 Kg8 23. e4 (23. h3
Rae8 24. e3 (24. g4 $2 Qh4+ 25. Qg3 Rxe2+ $19) 24... Rxe3 25. Qxe3 Rxe3 26.
Kxe3 $16) 23... Rae8 (23... Rxe4 24. Qxf6 $18) 24. exf5 (24. Bg2 Rxe4 25. Bxe4
Rxe4 26. Qf3 Qh3 27. Bxf6 $18) 24... Re2+ 25. Bxe2 $6 (25. Kg1 Bxf4 (25... R8e3
26. Rd8+ Bf8 27. Qxf6 $18) (25... Re1 26. fxg6 Qe2 27. gxf7+ Kxf7 28. Qxf6+ Kg8
29. Rg5+ $18) 26. gxf4 (26. fxg6 $18) 26... Qg4+ (26... R2e3 27. Qxf6 $18) 27.
Qg3 $18) 25... Qxe2+ 26. Kg1 Bxf4 $1 27. Bc1 (27. gxf4 $2 Qg4+ 28. Qg3 (28. Kf1
Qe2+ 29. Kg1 Qg4+) 28... Re1+ 29. Kg2 Qe2+ $10) (27. Rd3 $5 Be3+ (27... Be5 28.
Qd2 Bxb2 29. Qxe2 Rxe2 30. h4 $18) 28. Rxe3 Rxe3 29. Qxf6 Qe1+ 30. Kg2 Qe2+ 31.
Kh3 Qh5+ 32. Qh4 Qxf5+ 33. Qg4 $18) 27... Re3 28. Qd2 $2 (28. Bxe3 Bxe3+ 29.
Qxe3 Qxe3+ 30. Kg2 Qe4+ $10) (28. Qb4 $1 Rxg3+ (28... Bc7 29. Qd2 $18) 29. hxg3
Be3+ 30. Bxe3 Qxe3+ 31. Kf1 Qf3+ 32. Ke1 Qxh1+ 33. Kd2 $18) 28... Rxg3+ 29.
hxg3 Bxd2 30. Rxd2 (30. Bxd2 $2 Qd1+ 31. Kg2 Qe2+ 32. Kh3 Qh5+ $10) 30... Qe3+
31. Kh2 Kg7 32. Rf1 (32. fxg6 $5 $16) 32... g5 33. Rff2 h5 34. Bb2 a6 35. Bd4
Qe1 36. Rfe2 Qf1 37. Bf2 Qb1 38. Rd5 Qf1 39. Red2 Qc1 40. Rd6 Qc3 41. Bb6 $2 h4
42. Bf2 Qe5 43. R6d5 hxg3+ 44. Bxg3 Qe4 45. Kg1 a5 $1 46. Kf2 a4 $1 47. Re2 Qb1
48. Rb5 Qd3 49. Re7 Qb1 50. Ke3 Qc1+ 51. Ke2 Qb1 52. Rbxb7 Qxf5 53. Rxf7+ Kg6
54. Be1 Qe4+ 55. Kd2 Qd4+ 56. Ke2 Qe4+ 57. Kf2 Qh4+ 58. Ke2 Qe4+ 1/2-1/2

[Event "Hoogovens op"]
[Site "Wijk aan Zee"]
[Date "1993.01.??"]
[Round "3"]
[White "Huzman, Alexander"]
[Black "Schmittdiel, Eckhard"]
[Result "1-0"]
[WhiteElo "2510"]
[BlackElo "2450"]
[Annotator "Horn,Pe"]
[PlyCount "27"]
[EventDate "1993.01.??"]
[EventType "swiss"]
[EventRounds "12"]
[EventCountry "NED"]
[SourceTitle "CBM 034"]
[Source "ChessBase"]
[SourceDate "1993.06.01"]
[SourceVersion "1"]
[SourceVersionDate "1993.06.01"]
[SourceQuality "1"]

1. Nf3 e6 2. g3 f5 3. Bg2 Nf6 4. O-O d5 5. d3 Bc5 $2 6. c4 O-O 7. Qc2 d4 $2 8.
Nbd2 Nc6 9. Nb3 Be7 10. c5 $1 h6 (10... e5 11. Qc4+ Kh8 12. Ng5 Qe8 13. Ne6
Bxe6 14. Qxe6 $18) 11. Qc4 Qd5 12. Bf4 Qxc4 13. dxc4 Ne8 14. Ne5 $18 {קd4} (
14. Nfxd4 $2 Nxd4 15. Nxd4 Bxc5 $14) 1-0

[Event "Ordzhonikidze zt 1.9"]
[Site "Ordzhonikidze"]
[Date "2000.06.17"]
[Round "9"]
[White "Romanishin, Oleg M"]
[Black "Lerner, Konstantin Z"]
[Result "1-0"]
[WhiteElo "2578"]
[BlackElo "2575"]
[Annotator "Horn,Pe"]
[PlyCount "178"]
[EventDate "2000.06.09"]
[EventType "swiss"]
[EventRounds "9"]
[EventCountry "UKR"]
[SourceTitle "CBM 078"]
[Source "ChessBase"]
[SourceDate "2000.10.18"]
[SourceVersion "1"]
[SourceVersionDate "2000.10.18"]
[SourceQuality "1"]

1. Nf3 c5 2. g3 Nc6 3. Bg2 g6 4. c3 e5 5. d4 cxd4 6. cxd4 e4 7. Ne5 d5 (7... f5
$5) 8. Nxc6 {Der Zug wurde auch schon gespielt; aber Romanishin interpretiert
ihn auf eigene Weise.} (8. Qa4 Bg7 9. Nxc6 Qd7 10. Nc3 bxc6 11. b3 Ne7 (11...
f5 12. Ba3 Nf6 13. e3 Kf7 14. Qa5 g5 15. Na4 f4 16. O-O-O Qd8 17. Qxd8 Rxd8 18.
gxf4 gxf4 $132 {Tischbierek,R-Chekhov,V/Dresden 1985}) 12. Ba3 Nf5 (12... Bb7
13. e3 a5 14. Bxe7 Kxe7 15. Qa3+ Qd6 16. Qxd6+ Kxd6 17. Na4 Rhb8 $11 {Vogel,
J-Welin,T/Copenhagen 1985}) (12... O-O 13. e3 f5 14. h4 Rf7 15. Qa5 Bf6 16.
O-O-O Kg7 17. Na4 Ng8 18. Rd2 Nh6 19. Rc2 f4 20. gxf4 Qg4 21. Bf1 Qf3 22. Rh2
Qg4 23. Rh1 Qf3 24. Rh2 Qg4 25. Rh1 Qf3 {1/2-1/2 Kengis,E-Petrienko,V/Minsk
1986}) 13. e3 h5 14. h4 Bf8 15. Bh3 (15. Rc1 {Romanishin} Bxa3 16. Qxa3 Ne7 $14
) 15... Bxa3 16. Qxa3 Qd6 17. Qxd6 Nxd6 18. Bf1 Bg4 19. Rc1 f6 $11 {Romanishin,
O-Velimirovic,D/Sarajevo 1984}) (8. Nc3 Bg7 9. Qa4 (9. O-O Nge7 10. Nxc6 bxc6
11. Na4 O-O 12. b3 h5 13. e3 Qd6 14. Qc2 h4 15. Re1 hxg3 16. fxg3 Bg4 $132 {
Lechtynsky,J-Mirumian,V/CZE 1999}) 9... Nge7 10. Bg5 f6 11. Nxc6 bxc6 12. Bf4
O-O 13. Rd1 g5 14. Bc1 Bd7 15. Qa3 Ng6 $132 {Vogel,J-Farago,S/Sas van Gent 1988
}) 8... bxc6 9. Qc2 Bd7 10. Nd2 {Da liegt ein wesentlicher Unterschied: meist
geht der Nb1 über c3 nach a4.} Bg7 11. Nb3 Ne7 12. Bd2 O-O 13. e3 h5 (13... a5
{könnte sich später als Schwäche herausstellen.}) 14. Ba5 Qc8 15. O-O-O {
Es gibt einige Partien mit dem Abtausch auf c6, wo Weiß kurz rochiert hatte 
(meist schon vorher). Dort zeigte es sich, daß Schwarz am Königsflügel eine
unangenehme Initiative entfaltet. Auf dem Damenflügel ist der weiße K sicherer
aufgehoben.} Re8 16. Kb1 Rb8 17. h4 Bg4 18. Rc1 Qf5 19. Bc7 Rbc8 20. Bd6 Qd7
21. Ba3 {Die Hin- und Herzieherei mit dem B macht deutlich, daß es dem Weißen
schwer fällt, etwas Konkretes zu erreichen. Wohl hat er ein wunderschönes
Vorpostenfeld auf c5, aber das Ziel Pc6 läßt sich bei der geschlossenen
Stellung nur schwer in echte Gefahr bringen.} Nf5 22. Nc5 Qd8 23. Bf1 {Strebt
nach a6; auf g2 hatte der B ein tristes Dasein.} Nd6 24. Qd2 Bf8 25. Bb4 Rb8
26. Na6 Rc8 27. Rc2 Re6 {Leuchtet ein: der R schützt den wunden Punkt (c6) von
der Seite und kann bei Bedarf sogar gegen f2 eingesetzt werden.} 28. Ba5 Qe7
29. Nc5 Rf6 30. Ba6 Rb8 31. Rhc1 $14 Ne8 32. Bf1 {Weiß hat eine
einbruchsichere Stellung und jede Menge Zeit, um alle Aufstellungen am
Damenflügel durchzuprobieren.} Bc8 33. Nb3 Bd7 34. Qc3 Bg4 35. Nc5 Bc8 36. Qa3
Nc7 37. Be1 Nb5 (37... Ne6 $5 38. Bb4 {war eine andere Möglichkeit.}) 38. Qa5
Rb6 39. Ka1 Bh6 40. Qd2 g5 $2 {Übersieht die Drohung: das könnte Zeitnot
bedeuten.} ({Schwarz mußte das Geduldsspiel mit} 40... Bg4 {fortsetzen, wonach
der Ausgang der Partie völlig offen war.}) 41. Na4 Rb8 (41... Ra6 $4 42. Bxb5
$18) 42. Rxc6 Bd7 43. Rxf6 Qxf6 44. Nc5 Be8 45. hxg5 Bxg5 46. Nb3 Qf5 47. Qd1
h4 48. gxh4 Bxh4 49. f4 $1 {Damit zerstreut Romanishin die Hoffnungen auf
Gegenspiel gegen f2.} Be7 50. Qe2 Rb6 51. Qh2 Rc6 52. Rxc6 Bxc6 53. Qg3+ Kf8
54. Qh3 Qxh3 55. Bxh3 Ke8 56. Kb1 Nd6 57. Bf1 Bb5 {Das bedeutet immerhin einen
kleinen Erfolg: jetzt bekommt Weiß den schlechteren B.} 58. Bxb5+ Nxb5 59. Nc1
Nd6 60. Kc2 Nf5 61. Bf2 {Das sieht momentan traurig aus, aber die Deckung kann
der K übernehmen, wonach der B wieder lebendig wird.} Kd7 62. Ne2 Kc6 63. Nc3
Bb4 64. Nd1 {Einen Tausch Bb4 gegen Nc3 sollte Weiß tunlichst vermeiden.} Ba5
65. a3 Kb5 66. b3 Kc6 67. Nb2 Bd8 68. Na4 Be7 69. Kb2 Nh6 70. Nc3 Nf5 71. Nd1
Kb5 72. Be1 Kb6 73. a4 Kc6 74. Ba5 Bf6 75. Kc3 Bh4 76. Kd2 Be7 77. Nf2 Nh6 78.
Ke2 Bh4 79. Nd1 Be7 80. b4 Ng4 81. b5+ Kb7 82. Be1 Kc7 83. Nc3 Kd6 84. a5 Bd8
85. Na4 Kc7 86. Bb4 a6 87. bxa6 Kb8 88. Nb6 Ka7 89. Nxd5 Kxa6 1-0

[Event "Graz zt"]
[Site "Graz"]
[Date "1993.??.??"]
[Round "8"]
[White "Hoelzl, Franz"]
[Black "Wach, Markus"]
[Result "0-1"]
[WhiteElo "2385"]
[BlackElo "2330"]
[Annotator "Horn,Pe"]
[PlyCount "92"]
[EventDate "1993.03.??"]
[EventType "tourn"]
[EventRounds "13"]
[EventCountry "AUT"]
[EventCategory "8"]
[SourceTitle "CBM 035"]
[Source "ChessBase"]
[SourceDate "1993.08.01"]
[SourceVersion "1"]
[SourceVersionDate "1993.08.01"]
[SourceQuality "1"]

1. g3 f5 2. Bg2 Nf6 3. Nf3 e6 4. O-O Be7 5. d3 O-O 6. Nc3 (6. c4 $1 $14 {->A10}
) 6... d6 7. e4 fxe4 (7... e5 8. exf5 Bxf5 9. Nh4 Bg4 10. f3 Bc8 $132 {
Lputian-Bareev/Kiev/1986}) 8. dxe4 e5 $10 (8... Nc6 9. Ng5 h6 10. Nh3 e5 $10 {
Kochetkov-Arkhipov/URS/1988}) 9. Qd3 Kh8 10. h3 Qe8 11. Ne2 Nbd7 (11... Qh5)
12. Ne1 Nc5 13. Qe3 Ncxe4 $5 14. Bxe4 Bxh3 15. Bg2 (15. Ng2 $2 d5 (15... Ng4 $5
) 16. Bf3 (16. Bd3 e4) 16... e4 $17) (15. Bxb7 $2 Bxf1 16. Bxa8 Qxa8 17. Kxf1
Qh1+ 18. Ng1 Ng4 $19) 15... Bxg2 16. Nxg2 (16. Kxg2 $2 Ng4 17. Qe4 Qh5 18. Rh1
Qxh1+ 19. Kxh1 Nxf2+ $19) 16... Ng4 17. Qd3 Qh5 18. Nh4 Bxh4 19. gxh4 Qxh4 20.
Qg3 Qh5 $44 21. f3 (21. Bd2 Rf3 $40) 21... Nh6 22. Qh2 (22. Bd2 Rf6 {/\ Rg6})
22... Qg6+ 23. Kh1 Ng4 (23... Qxc2 $2 24. Bxh6 gxh6 25. Rac1 Qxb2 26. Rxc7) 24.
Qg2 Qh5+ 25. Kg1 Nf6 26. Bg5 (26. Bd2) 26... h6 27. Bd2 Qf5 28. Ng3 $2 (28.
Rac1 $13) 28... Qxc2 29. Rac1 $2 Qxb2 30. Rf2 (30. Rxc7 $4 Qb6+ $19) (30. Nf5
Rf7 $17) 30... Qb6 31. Nf5 Ne8 32. Ne7 Rf7 33. Ng6+ Kh7 34. Kh1 (34. f4 d5 35.
f5 e4) 34... e4 35. Re1 d5 36. Ne5 Rf5 37. Bc3 Rh5+ 38. Kg1 Rg5 $19 39. Ng4 h5
40. Bd2 exf3 41. Qh2 Rxg4+ 42. Kh1 Qg6 43. Rxf3 Nf6 44. Re7 Re8 45. Rxf6 Qb1+
46. Be1 Qxe1+ 0-1

[Event "YUG-ch"]
[Site "Kladovo"]
[Date "1990.??.??"]
[Round "?"]
[White "Lazic, Miroljub"]
[Black "Damljanovic, Branko"]
[Result "0-1"]
[WhiteElo "2495"]
[BlackElo "2535"]
[Annotator "Horn,Pe"]
[PlyCount "94"]
[EventDate "1990.02.??"]
[EventType "tourn"]
[EventRounds "15"]
[EventCountry "YUG"]
[EventCategory "9"]
[SourceTitle "CBM 017"]
[Source "ChessBase"]
[SourceDate "1990.08.01"]
[SourceVersion "1"]
[SourceVersionDate "1990.08.01"]
[SourceQuality "1"]

1. e4 c5 2. Nf3 Nc6 3. d3 g6 4. g3 Bg7 5. Bg2 e5 6. O-O Nge7 7. Be3 $6 {
Der damit eingeleitete Abtausch der B bringt dem Weißen keine Vorteile.} d6 8.
Qd2 O-O 9. Bh6 f5 10. Bxg7 Kxg7 11. Nc3 (11. c3 h6 12. Na3 Be6 13. Nc2 Qd7 $15
{Kivioia-Moiseev, Pjärnu 1973}) 11... f4 $15 {N} (11... h6 12. exf5 Bxf5 {
In der Enzyklopädie wird die Eröffnung der Partie Tringov-Benkö mit 12...gxf5
falsch wiedergegeben.} 13. Nh4 Be6 14. f4 Qb6 $13 {Tringov-Benkö, Varna ol 1962
}) 12. Ne2 Bg4 13. c3 d5 14. h3 Bxf3 15. Bxf3 d4 16. c4 Qd6 17. Kg2 Qf6 18. Ng1
a5 19. Rae1 a4 20. a3 Nd8 21. Bd1 Ne6 22. Bg4 Ng5 23. h4 Ne6 24. Nf3 Nc6 25.
Bh3 Ra6 26. g4 g5 27. h5 Rb8 28. Rc1 Na5 29. Rc2 b5 30. cxb5 Rxb5 31. Rb1 Rb3
32. Rbc1 Rb7 33. Rb1 c4 34. dxc4 Nb3 35. Qd1 Nbc5 36. Re2 Rb3 37. Re1 Rab6 38.
Qd2 Ra6 39. Qd1 Kf8 40. Kg1 Rab6 41. Bf1 Rxb2 42. Rxb2 Rxb2 43. Kg2 Rb3 44. Qd2
Nd7 45. Qa5 Nec5 46. Qc7 h6 47. Nd2 f3+ 0-1

[Event "Pamplona 9697 7th"]
[Site "Pamplona"]
[Date "1996.??.??"]
[Round "1"]
[White "Speelman, Jonathan S"]
[Black "Garcia Ilundain, David"]
[Result "1-0"]
[WhiteElo "2625"]
[BlackElo "2520"]
[Annotator "Horn,Pe"]
[PlyCount "103"]
[EventDate "1996.12.??"]
[EventType "tourn"]
[EventRounds "9"]
[EventCountry "ESP"]
[EventCategory "13"]
[SourceTitle "CBM 057"]
[Source "ChessBase"]
[SourceDate "1997.04.01"]
[SourceVersion "1"]
[SourceVersionDate "1997.04.01"]
[SourceQuality "1"]

1. Nf3 f5 2. d3 Nf6 (2... Nc6 $11) (2... d6 $11) 3. Bg5 (3. e4) 3... Nc6 (3...
e6 4. e4 h6 (4... d6 5. Nc3 (5. exf5 exf5 6. Qe2+ $14) 5... Be7 6. exf5 exf5 7.
d4 O-O 8. Bd3 Nc6 9. O-O d5 10. Re1 h6 11. Bf4 g5 12. Be5 Ne4 13. Nb5 Nxe5 14.
Nxe5 c6 15. Qh5 Bf6 16. Nc3 Bg7 $132 {Roos,D-San Marco,B/FRA-chT/1989}) 5. Bc1
(5. Bxf6 Qxf6 6. e5) 5... d6 6. Nh4 g5 7. Ng6 Rg8 8. Nxf8 Kxf8 $13 {Jones,
I-Watanabe,K/Novi Sad olm/1990}) (3... h6 4. Bxf6 gxf6 $2 (4... exf6) 5. e4 $1
fxe4 $2 (5... e6 6. exf5) 6. Ne5 $18 {Lenski,J-Kase,O/corr/1987}) (3... d5 4.
Bxf6 (4. Nbd2 e6 5. e4 Be7 6. exf5 exf5 7. g3 O-O 8. Bg2 Nh5 9. Bxe7 Qxe7+ 10.
Qe2 Qxe2+ 11. Kxe2 Re8+ 12. Kd1 f4 13. Re1 $14 {Ree,H-Bohm,H/Amsterdam/1983})
4... exf6 5. g3 Nc6 6. Bg2 Be6 7. c3 Qd7 8. Nbd2 Bd6 9. Qa4 a6 10. O-O O-O 11.
e3 Bf7 12. Qc2 Ne5 13. c4 dxc4 14. Nxc4 Nxc4 15. dxc4 c5 $11 {Zaitshik,
G-Dolmatov,S/Palma GMA-op/1989}) 4. Bxf6 $146 (4. Nc3 d5 5. h3 $2 d4 6. Nb1 e5
$15 {De Jager,J-Nieuwelink,K/Vlissingen op/1996}) 4... exf6 (4... gxf6 $2 5. e4
$16) 5. d4 {Speelman leitet jetzt in einen Stellungstyp über, der (z.B.) nach
1.d4 f5 2.Bg5 hätte entstehen können. Er hat zwar ein Tempo (d2-d3-d4 statt
d2-d4) verloren, da aber eine Öffnung der Stellung von Schwarz nicht zu
erzwingen ist, hofft er, daß sich seine günstige P-Struktur langfristig
auswirken wird.} (5. g3 $5) 5... d5 6. e3 Be6 7. Nbd2 Qd7 8. c3 Ne7 {[%cal
Ye7c8,Yc8d6,Yd6e4] Die schwarzen B finden in der verbarrikadierten Stellung
wenig Wirkung, so daß Schwarz erst einmal seinen N in die Richtung seines
einzigen starken Feldes (e4) bugsiert.} (8... Bd6 {[%cal Yf5f4]} 9. g3 $14) 9.
Bd3 Nc8 10. Qc2 Nd6 11. c4 {Das Manöver Nc6-e7-c8-d6 hat doch etwas Zeit
gekostet, so daß Weiß jetzt nichts dagegen hat, wenn die Stellung geöffnet
wird.} c6 (11... Nxc4 $6 12. Nxc4 dxc4 13. Bxc4 Bb4+ 14. Ke2 Bxc4+ 15. Qxc4 Bd6
16. Rhc1 $14) 12. O-O Be7 13. Rfc1 O-O $11 14. Ne1 Rfe8 15. Rab1 (15. c5 Ne4)
15... a5 16. c5 Ne4 17. Nf1 {Nun muß Schwarz ständig darauf achten, ob seinem
Ne4 nicht der Rückweg abgeschnitten werden kann.} Reb8 18. f3 (18. h4 $2 {
[%cal Rf2f3] bringt nichts:} Qc7) 18... Ng5 19. Ng3 g6 {[%csl Re6] Nun ist der
Be6 restlos eingemauert. Allzu traurig braucht Schwarz aber nicht zu sein, da
wieder aufwacht, wenn Weiß die Stellung im Zentrum oder am Königsflügel öffnet.
} 20. Ne2 Bf7 21. Nc3 {[%cal Yc3a4]} Re8 22. Na4 {[%cal Ra4b6]} Bd8 23. f4 {
Um den rückständigen Pe3 braucht Weiß sich nur wenig zu sorgen, da der Ne1 ihn
von g2 zuverlässig decken wird.} Ne4 24. g3 Kh8 25. Ng2 g5 $6 {Schwarz
übernimmt die Initiative am Königsflügel. Der Zug schwächt den Punkt f5. Bei
passivem Verhalten müßte er (irgendwann) mit einer Linienöffnung am
Damenflügel mit b2-b4 rechnen.} 26. Rf1 $1 Rg8 27. a3 Bh5 28. Be2 Bxe2 29. Qxe2
Bc7 30. Nc3 b6 $2 {Diese Medizin erscheint mir schlimmer als die Krankheit.}
31. Nxe4 fxe4 (31... dxe4 32. cxb6) 32. cxb6 Bxb6 33. Rbc1 $16 {Weiß steht auf
beiden Flügeln besser: die Rechnung von 25...g6 ist nicht aufgegangen.} Bc7 34.
Rc2 Bd6 35. Qh5 (35. Rfc1 Rgc8 (35... gxf4 36. Nxf4 Bxf4 37. exf4) 36. Qh5 Be7)
35... Rg7 36. Rcf2 c5 37. fxg5 fxg5 (37... Rxg5 38. Qh4 $16 {[%csl Rf6]}) 38.
Qd1 (38. Rf5 $5 Bf4 (38... cxd4 39. exd4 $18 {[%csl Ge3][%cal Yg2e3]}) (38...
Be7 39. dxc5 $18) 39. g4 Bd6 40. Rxg5 Rxg5 41. Qxg5 Rg8 42. Qf6+ Rg7 43. h3 $18
) 38... Re8 $2 (38... c4 39. Rf5 Be7 $16) 39. Rf5 $18 {[%csl Rd5]} Qb7 40. dxc5
Bxc5 41. Rxd5 Bb6 42. Rdf5 Qc6 43. Qb3 Rg6 44. a4 Ree6 45. Qa3 Rd6 46. b4 Rd3
47. Qb2+ Qc3 48. Qf2 $1 axb4 $6 (48... Rg8) 49. Rf8+ Kg7 50. Rg8+ Kh6 51. Qf8+
Kh5 52. g4+ 1-0